|
|
|
|
| LEADER |
00000nas a2200000 a 4500 |
| 001 |
ssj0029453 |
| 003 |
WaSeSS |
| 005 |
20200512172242.0 |
| 006 |
m d |
| 007 |
cr n |
| 008 |
040422c20039999enkqr pss 0 a0eng c |
| 010 |
|
|
|a 2004255151
|
| 016 |
7 |
|
|a 012089273
|2 Uk
|
| 022 |
|
|
|a 1476-0592
|y 1479-2931
|
| 035 |
|
|
|a (WaSeSS)ssj0029453
|
| 037 |
|
|
|b Palgrave Subscription Department, Brunel Road Building, Houndmills, Basingstoke, Hampshire RG21 6XS, UK
|
| 040 |
|
|
|a ZCU
|b eng
|c ZCU
|d OCLCQ
|d OCL
|d OCLCS
|d UKMGB
|d OCLCQ
|d OCLCF
|d OCLCO
|d OCLCQ
|e pn
|d DLC
|d WaSeSS
|
| 042 |
|
|
|a pcc
|
| 050 |
0 |
0 |
|a HE561
|
| 082 |
0 |
4 |
|a 387.505
|
| 130 |
0 |
|
|a Maritime economics & logistics (Online)
|
| 245 |
1 |
0 |
|a Maritime economics & logistics
|h [electronic resource].
|
| 246 |
3 |
0 |
|a Maritime economics and logistics
|
| 246 |
3 |
0 |
|a MEL
|
| 260 |
|
|
|a Basingstoke, Hampshire :
|b Palgrave,
|c 2003-
|
| 310 |
|
|
|a Quarterly
|
| 362 |
0 |
|
|a Vol. 5, issue 1 (Mar. 2003)-
|
| 500 |
|
|
|a Title from journal home page (Proquest, viewed Apr. 22, 2004).
|
| 506 |
|
|
|a License restrictions may limit access.
|
| 538 |
|
|
|a Mode of access: World Wide Web.
|
| 588 |
|
|
|a Latest issue consulted: Vol. 20, issue 3 (Sept. 2018) (Springer Link website, viewed July 25, 2018).
|
| 650 |
|
0 |
|a Shipping
|x Economic aspects
|v Periodicals.
|
| 650 |
|
0 |
|a Harbors
|x Economic aspects
|v Periodicals.
|
| 650 |
|
7 |
|a Harbors
|x Economic aspects.
|2 fast
|0 (OCoLC)fst00951249
|
| 650 |
|
7 |
|a Shipping
|x Economic aspects.
|2 fast
|0 (OCoLC)fst01116374
|
| 655 |
|
0 |
|a Electronic journals.
|
| 776 |
0 |
8 |
|i Also issued in print:
|t Maritime economics & logistics
|x 1479-2931
|w (DLC) 2004255152
|w (OCoLC)52281482
|
| 780 |
0 |
0 |
|t International journal of maritime economics (Online)
|w (OCoLC)56998417
|
| 850 |
|
|
|a DLC
|
| 856 |
4 |
0 |
|z Full text available from Research Library: 03/01/2003 to 1 year ago
|u https://search.proquest.com/publication/43957
|